Bank of Finland discussion papers = (Record no. 1666)

MARC details
000 -LEADER
fixed length control field 02809cas a2200685 a 4500
001 - CONTROL NUMBER
control field data
005 - DATE AND TIME OF LATEST TRANSACTION
control field 20260322212111.0
007 - PHYSICAL DESCRIPTION FIXED FIELD--GENERAL INFORMATION
fixed length control field data
008 - FIXED-LENGTH DATA ELEMENTS--GENERAL INFORMATION
fixed length control field data
010 ## - LIBRARY OF CONGRESS CONTROL NUMBER
LC control number 92649140
016 7# - NATIONAL BIBLIOGRAPHIC AGENCY CONTROL NUMBER
Record control number 010474841
Source Uk
019 ## -
-- 1063430200
022 ## - INTERNATIONAL STANDARD SERIAL NUMBER
Incorrect ISSN 0785-3572
029 1# - OTHER SYSTEM CONTROL NUMBER (OCLC)
OCLC library identifier AU@
System control number 000009766517
029 1# - OTHER SYSTEM CONTROL NUMBER (OCLC)
OCLC library identifier NZ1
System control number 16066726
029 1# - OTHER SYSTEM CONTROL NUMBER (OCLC)
OCLC library identifier UKMGB
System control number 010474841
035 ## - SYSTEM CONTROL NUMBER
System control number (OCoLC)27143605
037 ## - SOURCE OF ACQUISITION
Source of stock number/acquisition Bank of Finland, P.O. Box 160, SF-00101 Helsinki, Finland
040 ## - CATALOGING SOURCE
Original cataloging agency DLC
Language of cataloging eng
Transcribing agency DLC
Modifying agency OCLCL
-- DLC
-- UKMGB
-- OCLCO
-- OCLCQ
-- OCLCF
-- OCLCA
-- OCLCQ
-- OCLCL
041 0# - LANGUAGE CODE
Language code of text/sound track or separate title fin
-- fin
042 ## - AUTHENTICATION CODE
Authentication code pcc
043 ## - GEOGRAPHIC AREA CODE
Geographic area code e-fi---
050 00 - LIBRARY OF CONGRESS CALL NUMBER
Classification number HG37.F5
Item number B36
245 00 - TITLE STATEMENT
Title Bank of Finland discussion papers =
Remainder of title Suomen Pankin keskustelualoitteita = Finlands banks diskussionsunderlag.
246 31 - VARYING FORM OF TITLE
Title proper/short title Suomen Pankin keskustelualoitteita
246 31 - VARYING FORM OF TITLE
Title proper/short title Finlands banks diskussionsunderlag
260 ## - PUBLICATION, DISTRIBUTION, ETC.
Place of publication, distribution, etc. Helsinki :
Name of publisher, distributor, etc. The Bank
249 0# -
-- ACQUIRE Title:
-- Bank of Finland Discussion Papers = Suomen Pankin Keskustelualoitteita
300 ## - PHYSICAL DESCRIPTION
Extent volumes ;
Dimensions 30 cm
310 ## - CURRENT PUBLICATION FREQUENCY
Current publication frequency Irregular
336 ## - CONTENT TYPE
Content type term text
Content type code txt
Source rdacontent
337 ## - MEDIA TYPE
Media type term unmediated
Media type code n
Source rdamedia
338 ## - CARRIER TYPE
Carrier type term volume
Carrier type code nc
Source rdacarrier
362 1# - DATES OF PUBLICATION AND/OR SEQUENTIAL DESIGNATION
Dates of publication and/or sequential designation Began in 1988.
530 ## - ADDITIONAL PHYSICAL FORM AVAILABLE NOTE
Additional physical form available note Full-text copies of most issues from 1999 forward are also available via the Internet at the Bank of Finland web site.
546 ## - LANGUAGE NOTE
Language note Chiefly in English; some issues in Finnish.
588 ## - SOURCE OF DESCRIPTION NOTE
Source of description note Description based on: 88/10; title from cover.
588 ## - SOURCE OF DESCRIPTION NOTE
Source of description note Latest issue consulted: 92/5.
590 ## - LOCAL NOTE (RLIN)
Local note SERBIB/SERLOC merged record
592 ## -
-- ACQN: aq 97006299, ec97014822, 94002317
592 ## -
-- RECD: 1988, nr.1 through 1999: nr. 1,2,4,9,11-14, 17; 2000:1,3-17,19-24; 2001:1-11,13-20,24-25
592 ## -
-- There are some gaps in our holdings
650 #0 - SUBJECT ADDED ENTRY--TOPICAL TERM
Topical term or geographic name entry element Finance.
650 #0 - SUBJECT ADDED ENTRY--TOPICAL TERM
Topical term or geographic name entry element Finance
Geographic subdivision Finland.
650 #7 - SUBJECT ADDED ENTRY--TOPICAL TERM
Topical term or geographic name entry element Finance.
Source of heading or term fast
Authority record control number or standard number (OCoLC)fst00924349
651 #7 - SUBJECT ADDED ENTRY--GEOGRAPHIC NAME
Geographic name Finland.
Source of heading or term fast
Authority record control number or standard number (OCoLC)fst01205503
Real World Object URI https://id.oclc.org/worldcat/entity/E39PBJtMjwrX6pdK3hJc64v8md
710 2# - ADDED ENTRY--CORPORATE NAME
Corporate name or jurisdiction name as entry element Suomen Pankki.
Real World Object URI https://id.oclc.org/worldcat/entity/E39QQPVp7XPTbxXPVJjxx3FcJt
785 00 - SUCCEEDING ENTRY
Title Bank of Finland research discussion papers
International Standard Serial Number 0785-3572
Record control number (OCoLC)66526453
-- (OCoLC)66526453
859 41 - LOCAL CONTROL INFORMATION (RLIN)
-- View full-text copies and abstracts at the Bank's web site.
-- http://www.bof.fi/en/julkaisut/tutkimukset/keskustelualoitteet/index.htm?year=2010
890 ## -
-- Bank of Finland discussion papers.
-- 92-649140
906 ## - LOCAL DATA ELEMENT F, LDF (RLIN)
a 7
b cbc
c serials
d 1
e ncip
f 19
g n-oclcserc
925 0# -
-- acquire
-- 1 shelf copy
-- BEAT project serial, coll. set for SAR n91-41944
-- policy default
985 ## -
-- eserial 200406
991 ## -
-- c-GenColl
-- HG37.F5
-- B36
-- SERIALS
991 ## -
-- c-Ser
-- ACQUIRE
992 ## -
-- EMPTY
-- ACQUIRE
992 ## -
-- SER
-- SERLOC
Holdings
Withdrawn status Lost status Damaged status Not for loan Home library Current library Shelving location Date acquired Total checkouts Full call number Barcode Date last seen Price effective from Koha item type
        Springfield Springfield General stacks 22/03/2026   HG37.F5 LOC-SPL-00009 22/03/2026 22/03/2026 Books